000 00409nam a2200145Ia 4500
008 100204s9999 xx 000 0 und d
082 _b11707
100 _aरानडे जयंत
245 _aफितूर
260 _b"रावजी प्रकाशन , डोंबिवली"
_c1989
300 _a184
630 _aफितूर
730 _aफितूर
942 _cBOOK
999 _c456119
_d456116